000 00586nam a2200193Ia 4500
005 20250508163458.0
008 008 250505s9999 xx 000 0 eng d
037 _aDissertations
040 _aFEDL
_beng
_cFEDL
041 _aeng
_2eng
084 _a407, MAL/DI
_qFEDL
100 _aMalvika
245 0 _aComparative study of language education (Mother tongue) between formal and non formal systems of education
260 _c1993
300 _a75p.
546 _aM. Ed. Dissertation (Delhi University)
942 _cDIS
_h407, MAL/DI
999 _c1383564
_d1383564